000
00338 a2200157 4500
001
24588
020
_a
9788508162574
040
_c
Anchieta - São Paulo/Itaigara
100
_a
Caeiro, Alberto
240
1
0
_a
Ver de novo
_l
por
245
1
0
_a
Ver de novo
300
_a
136
362
0
_a
2013
650
4
_a
Literatura juvenil
942
_c
BK
999
_c
24588
_d
24588